000 00495nam a2200181Ia 4500
005 20250508150425.0
008 008 250505s9999 xx 000 0 eng d
037 _aTextual
040 _aFEDL
_beng
_cFEDL
041 _aeng
_2eng
084 _a378, BRA
_qFEDL
100 _aBradby Edward Ed.
_993834
245 0 _aUniversity outside Europe
260 _aLondon, UK
_bOxford University Press
_c1939
300 _a331p.
942 _cTEXL
_h378, BRA
999 _c1323561
_d1323561